Aplicación de la información geográfica oficial en los gobiernos autónomos descentralizados municipales, responsables del ordenamiento territorial en Ecuador /
Guardado en:
| Otros Autores: | , |
|---|---|
| Formato: | Manuscrito |
| Idioma: | Spanish |
| Publicado: |
2022.
|
| Materias: | |
| Acceso en línea: | Texto completo |
| Etiquetas: |
Agregar Etiqueta
Sin Etiquetas, Sea el primero en etiquetar este registro!
|
| LEADER | 01368ntm a22003015a 4500 | ||
|---|---|---|---|
| 001 | EUN.eunm009095 | ||
| 008 | 230517s2022####ag#######bm###000#0#spa#d | ||
| 005 | 20230531133658.0 | ||
| 245 | 1 | 0 | |a Aplicación de la información geográfica oficial en los gobiernos autónomos descentralizados municipales, responsables del ordenamiento territorial en Ecuador / |c Rocío Narváez Benalcázar. |
| 260 | |c 2022. | ||
| 300 | |a 280 p. : |b il. col. ; |c 30 cm. | ||
| 500 | |a Director de tesis: María Laura Rubio. | ||
| 500 | |a "Tesis de Doctorado en Geografía". | ||
| 502 | |a Tesis (doctoral)--Universidad Nacional del Sur. Departamento de Geografía y Turismo, 2023. | ||
| 530 | |a Disponible también en formato digital. | ||
| 504 | |a Incluye referencias bibliográficas. | ||
| 100 | 1 | |a Narváez Benalcázar, Rocío. |4 dis | |
| 700 | 1 | |a Rubio, María Laura. |4 ths | |
| 710 | 2 | |a Universidad Nacional del Sur. |b Departamento de Geografía y Turismo |4 dgg. | |
| 082 | 0 | 4 | |a 040 |2 15 |
| 082 | 0 | 4 | |a 911 |2 21 |
| 650 | 7 | |a Geografía. |2 unbist | |
| 653 | |a Información geográfica | ||
| 653 | |a Ordenamiento territorial | ||
| 650 | 7 | |a Municipios. |2 abne | |
| 856 | 4 | 1 | |u https://repositoriodigital.uns.edu.ar/handle/123456789/6373 |3 Texto completo |
| 859 | |a AR-BaUNS |b BIB. CENTRAL - Tesis |h 040 |i B148 2023-1865 |k R |p 128669/023 | ||
| 859 | |a AR-BaUNS |b Dto. Geografia |h 040 |i B148 2023-1865 |p 128670/023 | ||
